Statistics for Italy Call-Ups: UEFA Euro 2020 Qualification (March 2019)

Click here to take the quiz!

General Stats

  • This quiz has been taken 9 times
  • The average score is 16 of 29

Answer Stats

PositionPlayerClub% Correct
CBGiorgio ChielliniJuventus
100%
CBLeonardo BonucciJuventus
100%
STCiro ImmobileLazio
89%
GKGianluigi DonnarummaAC Milan
89%
CMJorginhoChelsea
89%
CMMarco VerrattiPSG
89%
RBAlessandro FlorenziAS Roma
78%
WFederico BernardeschiJuventus
78%
GKMattia PerinJuventus
78%
STMoise KeanJuventus
78%
STFabio QuagliarellaSampdoria
67%
LBLeonardo SpinazzolaJuventus
67%
CBAlessio RomagnoliAC Milan
56%
STKevin LasagnaUdinese
56%
GKSalvatore SiriguTorino
56%
WFederico ChiesaFiorentina
44%
CMNicolò ZanioloAS Roma
44%
GKAlessio CragnoCagliari
33%
CBArmando IzzoTorino
33%
RBCristiano PicciniValencia
33%
WMatteo PolitanoInter Milan
33%
WStephen El ShaarawyAS Roma
33%
CMBryan CristanteAS Roma
22%
LBCristiano BiraghiFiorentina
22%
CBGianluca ManciniAtalanta
22%
STLeonardo PavolettiCagliari
22%
CMNicolò BarellaCagliari
22%
CMStefano SensiSassuolo
22%
WVincenzo GrifoFreiburg
22%

Score Distribution

Percentile by Number Answered

Percent of People with Each Score

Your Score History

You have not taken this quiz